| 000 | 00330nam a2200121Ia 4500 | ||
|---|---|---|---|
| 008 | 150202s9999 xx 000 0 und d | ||
| 050 |
_aFIC _bFIC |
||
| 100 | _aMichaels, Fern. | ||
| 245 |
_aSenrendipity / _cFern Michaels. |
||
| 260 |
_aNew York : _bGold Medal Books, _c1994. |
||
| 300 |
_a378 pages : _c18 cm. |
||
| 650 | _aFiction. | ||
| 999 |
_c282249 _d282249 |
||